Normal view MARC view
  • CHIDAMBARAN, SUBRAMANIAN, & RAGHAVAN, R VENKATA

Entry Personal Name

Number of records used in: 1

001 - CONTROL NUMBER

  • control field: 8649

003 - CONTROL NUMBER IDENTIFIER

  • control field: JRU

005 - DATE AND TIME OF LATEST TRANSACTION

  • control field: 20250828115735.0

008 - FIXED-LENGTH DATA ELEMENTS

  • fixed length control field: 250828|| aca||aabn | a|a d

040 ## - CATALOGING SOURCE

  • Original cataloging agency: JRU
  • Transcribing agency: JRU

100 ## - HEADING--PERSONAL NAME

  • Personal name: CHIDAMBARAN, SUBRAMANIAN, & RAGHAVAN, R VENKATA

670 ## - SOURCE DATA FOUND

  • Source citation: Work cat.: (JRU)8775: CHIDAMBARAN, SUBRAMANIAN, & RAGHAVAN, R VENKATA, A PRIMER OF BHARTIYA SARSANAS:indian philosophical system, 2022